000 00260nam a2200109Ia 4500
008 220713s9999 xx 000 0 und d
020 _a978 0 7166 6900 5
082 _aJ 613 STA
100 _aNo author, editors only
245 0 _aStaying Active
942 _cBK
_w561
_xJohn Tresidder
_y561
_zJohn Tresidder
999 _c707828
_d707827